000 01177nam a2200325 i 4500
001 13434
003 KOSZ 005
005 20191214090757.0
008 090303s1950 pl g f 000 0 pol
015 _aPB 1950/4414
040 _aWA N
_cWA N
_dKOSZ 005/RW
080 _a9(44):335
100 1 _aLenin, Włodzimierz
_d(1870-1924).
_eAutor
245 1 0 _aO Komunie Paryskiej /
_cW. I. Lenin.
250 _aWydanie 2 przejrzane i uzupełnione.
260 _aWarszawa :
_b"Książka i Wiedza",
_c1950.
300 _a84, [1] strony ;
_c20 cm.
336 _aTekst
_btxt
_2rdacontent
337 _aBez urządzenia pośredniczącego
_bn
_2rdamedia
338 _aWolumin
_2nc
_brdacarrier
380 _aKsiążki.
490 1 _aBiblioteka Klasyków Marksizmu-Leninizmu.
658 _aPolityka, politologia, administracja publiczna
658 _aHistoria
650 4 _aMarksizm
710 2 _aSpółdzielnia Wydawniczo-Handlowa "Książka i Wiedza"
_4pbl.
830 0 _aBiblioteka Klasyków Marksizmu-Leninizmu.
856 _uhttp://koha.tu.koszalin.pl/cgi-bin/koha/opac-detail.pl?biblionumber=13434
_yKatalog online BPK
942 _2UKD
_cKS
999 _c13434
_d13434